000 00613nam a2200229Ia 4500
003 OSt
005 20220923214751.0
006 a|||||r|||| 00| 0
007 ta
008 220922b |||||||| |||| 00| 0 hin d
024 _a172,542
037 _cTextual
040 _aARTS
_cARTS
_bhin
041 _2hin
_ahin
082 _aO152:3NGA:1, L0 (TTPH)
100 _aगौड़, मदन
245 0 _aअधूरा चित्र
246 _aAdhūrā chitra
260 _c1970
942 _hO152:3NGA:1, L0 (TTPH)
_cTEXL
_2CC
999 _c326550
_d326550